[Event "Ruhrgebiet Verbandsklasse Gruppe 3 1718"]
[Site "Germany"]
[Date "2018.04.29"]
[Round "9.8"]
[White "Crell, Helmut"]
[Black "Vallery, Helmut"]
[Result "1-0"]
[WhiteElo "1619"]
[BlackElo "1627"]
[PlyCount "85"]
[EventDate "2017.09.17"]
[EventType "team-tourn"]
[EventRounds "9"]
[EventCountry "GER"]
[SourceTitle "EXT 2022"]
[Source "ChessBase"]
[SourceDate "2021.10.06"]
[SourceVersion "1"]
[SourceVersionDate "2021.10.06"]
[SourceQuality "1"]
[WhiteTeam "Bochum-Linden"]
[BlackTeam "Hervest Dorsten"]
[WhiteTeamCountry "GER"]
[BlackTeamCountry "GER"]

1. f4 d5 2. Nf3 Nf6 3. e3 Nc6 4. b3 Bg4 5. Bb2 d4 6. exd4 Nxd4 7. Bxd4 Bxf3 8. Qxf3 Qxd4 9. Qxb7 Rd8 10. Bb5+ Nd7 11. Nc3 e6 12. Qe4 Bc5 13. Qxd4 Bxd4 14. 0-0-0 Bxc3 15. dxc3 Ke7 16. Rxd7+ Rxd7 17. Bxd7 Kxd7 18. Rd1+ Ke7 19. Rd4 c6 20. Kd2 Rd8 21. Ke3 f6 22. Rxd8 Kxd8 23. Kd4 Kd7 24. c4 h6 25. c5 g5 26. g3 gxf4 27. gxf4 h5 28. b4 Kc7 29. c4 a6 30. a4 Kb7 31. b5 cxb5 32. cxb5 axb5 33. axb5 Kc7 34. Ke4 Kd7 35. Kf3 Kc7 36. Kg3 Kd7 37. Kh4 e5 38. fxe5 fxe5 39. Kg3 Ke6 40. Kf3 Kd5 41. b6 e4+ 42. Ke3 Kxc5 43. b7 1-0